000 00623nam a2200229Ia 4500
003 OSt
005 20221007081107.0
006 a|||||r|||| 00| 0
007 ta
008 221006b |||||||| |||| 00| 0 eng d
024 _a7,451
037 _cTextual
040 _aFLL
_cFLL
_beng
041 _2eng
_aeng
082 _aZam1,Ng, K2
100 _aBlaustein Albert P.
245 0 _aManual on foreign legal periodicals and their index
260 _aNew York
_bOceana Pub. U.S.A.
_c1962
300 _a137p
_ccm.
942 _hZam1,Ng, K2
_cTEXL
_2CC
999 _c1161986
_d1161986